000 00373nam a22000977a 4500
020 _a978-3030636289
040 _cNUST
082 _a691.23
_bDAV
245 _aOptimization of the Characterization of the Thermal Properties of the Building Envelope Analysis of the Characterization of the Façades using Artificial Intelligence
_bBy David Bienvenido-Huertas
942 _2ddc
_cBK
999 _c616347
_d616347